| 000 | 01810nam a22002777a 4500 | ||
|---|---|---|---|
| 005 | 20140303163520.0 | ||
| 008 | 130405b xxu||||| |||| 00| 0 hin d | ||
| 010 | _a B-513618-654 HIN-101792 | ||
| 020 |
_a8178121409 _c520.00 |
||
| 035 | _aB-513618-654 | ||
| 035 | _aHN-74138 | ||
| 037 | _bUBH | ||
| 037 | _bDBAD / PUB | ||
| 040 |
_aDPL _bHN |
||
| 082 | _a900 | ||
| 100 |
_aतिवारी, विजय कुमार एवं उदय कुमार सिंह _942397 |
||
| 245 |
_aपॉपुलर मास्टर गाइड ,यू.जी.सी-नैट/सैट जूनियर रिसर्च फेलोशिप तथा लेक्चरशिप परीक्षा : _c विजय कुमार तिवारी एवं उदय कुमार सिंह _bइतिहास : पेपर II तथा III / |
||
| 246 | _aR. Gupta krita popular guide U.G.C. - NET / SET Junior Research Fellowship tathaa lecturship pariikshaa : Paper II tathaa III | ||
| 260 |
_aनई दिल्ली _bरमेश पब्लिशिंग हाउस _c2014 |
||
| 270 |
_a12-एच, न्यू दरियागंज रोड.(ट्रेफिक कोतवाली के सामने) _bनई दिल्ली _e110 002 _k23275124 , 23275224 _l011-23275124 _minfo@rameshpublishinghouse.com |
||
| 300 |
_aवि. पृ. _c24 सेमी (अजिल्द) |
||
| 650 |
_aसामान्य ज्ञान _942398 |
||
| 650 |
_aGeneral knowledge _942399 |
||
| 942 |
_2ddc _cHN _mतिवारी _h900 |
||
| 999 |
_c74282 _d74282 |
||